000 00437nam a2200205Ia 4500
001 14280
003 GE_BSU
008 181216s||||||||xx |||||||||||||| ||und||
020 _a075281690X
040 _cGE_BSU
080 _a821.111-3
100 _aLawton,John
245 2 _aA Little White Death.
260 _aLondon
260 _bOrion
260 _c1998
300 _a551p.18cm.
653 _aA Little White Death.
942 _cBK
999 _c47418
_d47418